London in miniature, with the surrounding villages (Record no. 114609)
[ view plain ]
| 000 -LEADER | |
|---|---|
| fixed length control field | 00768cem a22001935a 4500 |
| 001 - CONTROL NUMBER | |
| control field | L157119 |
| 008 - FIXED-LENGTH DATA ELEMENTS--GENERAL INFORMATION | |
| fixed length control field | 120904s1819 xxk f 000 0 eng d |
| 035 ## - SYSTEM CONTROL NUMBER | |
| System control number | (Sirsi) u157119 |
| 041 0# - LANGUAGE CODE | |
| Language code of text/sound track or separate title | eng |
| 100 1# - MAIN ENTRY--PERSONAL NAME | |
| Personal name | Mogg, Edward |
| 245 00 - TITLE STATEMENT | |
| Title | London in miniature, with the surrounding villages |
| Remainder of title | an entire new plan in which the improvements ... are ... reduced ... from the surveys of the ... proprietors ... laid down ... and carefully corrected ... |
| Statement of responsibility, etc. | by Edward Mogg |
| 260 ## - PUBLICATION, DISTRIBUTION, ETC. | |
| Place of publication, distribution, etc. | London |
| Name of publisher, distributor, etc. | E. Mogg |
| Date of publication, distribution, etc. | 1819 |
| 300 ## - PHYSICAL DESCRIPTION | |
| Extent | 1 map |
| Other physical details | col., dissected and mounted on linen |
| Dimensions | 54 x 94 cm., folded to 19 x 14 cm. |
| 520 ## - SUMMARY, ETC. | |
| Summary, etc. | Scale: c. 4 inches to a mile. |
| 583 ## - ACTION NOTE | |
| Action | Condition reviewed |
| Time/date of action | 20120620 |
| Status | condition level 4 |
| 651 #4 - SUBJECT ADDED ENTRY--GEOGRAPHIC NAME | |
| Geographic name | London |
| 690 ## - LOCAL SUBJECT ADDED ENTRY--TOPICAL TERM (OCLC, RLIN) | |
| Topical term or geographic name as entry element | Geomatics |
| 9 (RLIN) | 6242 |
| 942 ## - ADDED ENTRY ELEMENTS (KOHA) | |
| Suppress in OPAC | 0 |
| Withdrawn status | Lost status | Source of classification or shelving scheme | Damaged status | Not for loan | Home library | Current library | Shelving location | Date acquired | Total Checkouts | Full call number | Barcode | Date last seen | Copy number | Price effective from | Koha item type |
|---|---|---|---|---|---|---|---|---|---|---|---|---|---|---|---|
| Dewey Decimal Classification | Historic collection | Historic collection | Historic collection | 04/09/2012 | MAP 1819 MOGG | 30077043 | 06/08/2019 | 1 | 06/08/2019 | Book |